| 000 | 00383nam a2200157Ia 4500 | ||
|---|---|---|---|
| 008 | 230711s9999||||xx |||||||||||||| ||und|| | ||
| 041 | _aENG | ||
| 082 |
_a720 _bGU-C |
||
| 100 | _aGuptill,Arthur L | ||
| 245 | 0 | _aColor in sketching and rendering | |
| 250 | _a1st | ||
| 260 |
_c2004 _aNew Delhi _bAravali Books International |
||
| 300 | _a348 | ||
| 650 | _aArchitecture | ||
| 942 | _cBK | ||
| 999 |
_c5054 _d5054 |
||